Entry Personal Name
Number of records used in: 1
001 - CONTROL NUMBER
003 - CONTROL NUMBER IDENTIFIER
005 - DATE AND TIME OF LATEST TRANSACTION
- control field:
20230930153407.0
008 - FIXED-LENGTH DATA ELEMENTS
- fixed length control field:
800723n| azannaab |n aaa
010 ## - LIBRARY OF CONGRESS CONTROL NUMBER
- LC control number:
n 80081098
040 ## - CATALOGING SOURCE
- Original cataloging agency:
DLC
- Language of cataloging:
eng
- Description conventions:
rda
- Transcribing agency:
DLC
- Modifying agency:
DLC
100 1# - HEADING--PERSONAL NAME
- Personal name:
Koosis, Paul
670 ## - SOURCE DATA FOUND
- Source citation:
His Introd. to Hp spaces, with an appendix on Wolff's proof of the corona theorem, 1980:
- Information found:
t.p. (Paul Koosis, prof. of math., Univ. of Calif., Los Angeles)
670 ## - SOURCE DATA FOUND
- Source citation:
Introduction to Hp spaces, 1997:
- Information found:
CIP t.p. (Paul Koosis; McGill Univ.) data sht. (Paul Jacob Koosis; b. Apr. 20, 1929)